[Event "FICGS no engines 126 email"]
[Site "FICGS email"]
[Date "2023.02.19"]
[Round "1"]
[White "Bennion, William"]
[Black "Lundberg, Viktor"]
[Result "0-1"]
[WhiteElo "1972"]
[BlackElo "1510"]
[PlyCount "24"]
[EventDate "2023.??.??"]
[EventType "swiss (corr)"]
[EventRounds "1"]
[SourceTitle "Corr 2024"]
[Source "ChessBase"]
[SourceDate "2023.10.19"]
[SourceVersion "1"]
[SourceVersionDate "2023.10.19"]
[SourceQuality "1"]

1. c4 Nf6 2. Nc3 e6 3. g3 Bb4 4. Bg2 d5 5. cxd5 Bxc3 6. dxc3 exd5 7. Nf3 Nc6 8. 0-0 0-0 9. Qb3 Re8 10. Re1 b6 11. Bg5 Be6 12. Qa4 Na5 0-1

[Event "FICGS rapid D 000147 email"]
[Site "FICGS email"]
[Date "2022.12.29"]
[Round "1"]
[White "Lundberg, Viktor"]
[Black "Pintor, Manuel"]
[Result "1-0"]
[WhiteElo "1510"]
[BlackElo "1652"]
[PlyCount "65"]
[EventDate "2022.??.??"]
[EventType "tourn (rapid)"]
[EventRounds "5"]
[SourceTitle "Corr 2024"]
[Source "ChessBase"]
[SourceDate "2023.10.19"]
[SourceVersion "1"]
[SourceVersionDate "2023.10.19"]
[SourceQuality "1"]

1. e4 e5 2. Nf3 Nc6 3. Bb5 Bc5 4. c3 Qf6 5. d4 exd4 6. e5 Qg6 7. cxd4 Nxd4 8. Nxd4 Qxg2 9. Qf3 Qxf3 10. Nxf3 Ne7 11. Nc3 0-0 12. Be3 Bxe3 13. fxe3 c6 14. Bd3 Ng6 15. Rg1 Re8 16. Bxg6 fxg6 17. 0-0-0 b5 18. Rd6 a5 19. Ne4 a4 20. Nc5 Ra7 21. e4 Rf8 22. Rg3 Rf7 23. Kd2 b4 24. Ke3 Ra5 25. Kd4 Kf8 26. e6 Re7 27. exd7 Bxd7 28. Nxd7+ Ke8 29. Nfe5 c5+ 30. Kc4 a3 31. Rf3 Rxe5 32. Nxe5 axb2 33. Re6+ 1-0

[Event "FICGS W-ch st1 g05 email"]
[Site "FICGS email"]
[Date "2014.11.01"]
[Round "1"]
[White "Laine, Jari"]
[Black "Lundberg, Viktor"]
[Result "1-0"]
[WhiteElo "1534"]
[BlackElo "1288"]
[PlyCount "35"]
[EventDate "2014.??.??"]
[EventType "tourn (corr)"]
[EventRounds "8"]
[SourceTitle "Corr 2022"]
[Source "ChessBase"]
[SourceDate "2021.10.24"]
[SourceVersion "1"]
[SourceVersionDate "2021.10.24"]
[SourceQuality "1"]

1. e4 d6 2. d4 Nf6 3. Nc3 g6 4. Be3 Bg7 5. Qd2 c6 6. Nf3 Nbd7 7. Bh6 0-0 8. 0-0-0 Qc7 9. h4 Bxh6 10. Qxh6 Ng4 11. Qd2 b5 12. h5 b4 13. Nb1 Ndf6 14. hxg6 fxg6 15. Ng5 h5 16. f3 Nh6 17. g4 d5 18. Bd3 1-0

[Event "FICGS rapid D 000016 email"]
[Site "FICGS email"]
[Date "2008.11.11"]
[Round "1"]
[White "Marques, Joao"]
[Black "Lundberg, Viktor"]
[Result "1-0"]
[WhiteElo "1462"]
[BlackElo "1438"]
[PlyCount "51"]
[EventDate "2008.??.??"]
[EventType "tourn (rapid)"]
[EventRounds "5"]
[SourceTitle "Corr 2022"]
[Source "ChessBase"]
[SourceDate "2021.10.24"]
[SourceVersion "1"]
[SourceVersionDate "2021.10.24"]
[SourceQuality "1"]

1. e4 d6 2. d4 Nf6 3. Nc3 g6 4. Be3 Bg7 5. Be2 0-0 6. Qd2 c6 7. Bh6 Nbd7 8. Bxg7 Kxg7 9. h4 e5 10. h5 exd4 11. Qxd4 Ne5 12. hxg6 fxg6 13. 0-0-0 Neg4 14. f3 c5 15. Qxd6 Qxd6 16. Rxd6 Ne3 17. g4 b6 18. Rh2 Bb7 19. b3 Rac8 20. Rd3 Nexg4 21. fxg4 Nxe4 22. Nxe4 Bxe4 23. Rd7+ Rf7 24. Rxh7+ Kxh7 25. Rxf7+ Kh6 26. Rxa7 1-0